Normal view MARC view
  • PAKISTAN AND MUSLIM WORLD PAKISTAN AND THE WORLD PAKISTAN-QUALITY OF LIFE PAKISTAN-RURAL AND URBAN DEVELOPMENT PAKISTAN-FISCAL SYSTEMS PAKISTAN-INDUSTRIAL SYSTEMS PAKISTAN-AGRICULTURE SYSTEMS PAKISTAN-TOPOGRAPHY

Entry Topical Term

Number of records used in: 1

001 - CONTROL NUMBER

  • control field: 79302

003 - CONTROL NUMBER IDENTIFIER

  • control field: NUST

005 - DATE AND TIME OF LATEST TRANSACTION

  • control field: 20210628210420.0

008 - FIXED-LENGTH DATA ELEMENTS

  • fixed length control field: 210628|| aca||aabn | a|a d

040 ## - CATALOGING SOURCE

  • Original cataloging agency: NUST
  • Transcribing agency: NUST

150 ## - HEADING--TOPICAL TERM

  • Topical term or geographic name entry element: PAKISTAN AND MUSLIM WORLD PAKISTAN AND THE WORLD PAKISTAN-QUALITY OF LIFE PAKISTAN-RURAL AND URBAN DEVELOPMENT PAKISTAN-FISCAL SYSTEMS PAKISTAN-INDUSTRIAL SYSTEMS PAKISTAN-AGRICULTURE SYSTEMS PAKISTAN-TOPOGRAPHY

670 ## - SOURCE DATA FOUND

  • Source citation: Work cat.: (NUST): Rizwana Zahid Ahmed 79301, Paskistan a descriptive atls, 2000
© 2023 Central Library, National University of Sciences and Technology. All Rights Reserved.